000 00640nam a2200193 u 4500
001 000627984
003 AM-YeHGA
005 20250617140328.0
008 090130s1961 ||| r 000 0 rus d
040 _aAM-YeHGA
041 1 _arus
_hscc
100 1 _aСремац, Стеван
245 1 0 _aВукадин :
_b[Повесть] : Перевод с сербохорватского И. Дорбы /
_cСтеван Сремац.
260 _aМосква :
_bХудож. лит.,
_c1961.
300 _a287 с. :
_bил.
653 0 _aСербская литература
700 1 _aДорба, И.
_eпер.
_4trl
090 _c219511
999 _c217983
_d217983